| 000 | 00871cam a22002653a 4500 | ||
|---|---|---|---|
| 001 | 31312 | ||
| 003 | PGUSA | ||
| 005 | 20140828083658.0 | ||
| 008 | 100217s2010||||xxu|||||s|||||000 1 eng d | ||
| 040 |
_aPGUSA _beng |
||
| 042 | _adc | ||
| 050 | 4 | _aPZ | |
| 100 | 1 | _aBeach, Charles Amory | |
| 245 | 1 | 0 |
_aAir Service Boys Over the Enemy's Lines; Or, The German Spy's Secret _h[electronic resource] / _cCharles Amory Beach |
| 260 |
_bProject Gutenberg, _c2010 |
||
| 506 | _aPublic domain in the USA. | ||
| 516 | _aElectronic text | ||
| 653 | _aWorld War, 1914-1918 -- Aerial operations -- Juvenile fiction | ||
| 653 | _aWorld War, 1914-1918 -- Juvenile fiction | ||
| 653 | _aAeronautics -- Juvenile fiction | ||
| 700 | 1 |
_aHerbert, Robert Gaston, _d1873-1954 |
|
| 830 | 0 |
_aProject Gutenberg _v31312 |
|
| 856 | 4 | 0 | _uhttp://www.gutenberg.org/ebooks/31312 |
| 942 | _cEB | ||
| 999 |
_c260567 _d260567 |
||